[Event "XXI WJun Women"]
[Site "Kochin IND"]
[Date "2004.11.22"]
[Round "5"]
[White "Iswarya,S"]
[Black "Motoc,A"]
[Result "0-1"]
[WhiteElo "2082"]
[BlackElo "2359"]

1.e4 c5 2.Nf3 d6 3.d4 cxd4 4.Nxd4 Nf6 5.Nc3 a6 6.f3 e5 7.Nb3 Be6 8.Be3 h5
9.Nd5 Nxd5 10.exd5 Bf5 11.Bd3 Bxd3 12.Qxd3 Be7 13.O-O O-O 14.f4 Nd7 15.f5 Bg5
16.Bxg5 Qxg5 17.c4 b6 18.Nd2 Nc5 19.Qe2 a5 20.b3 Rae8 21.Ne4 Nxe4 22.Qxe4 f6
23.a4 Kf7 24.Rf3 Qd2 25.Re1 Rh8 26.Rd3 Qb4 27.Rg3 h4 28.Rh3 Rh5 29.Rf1 Reh8
30.Qg4 Rg5 31.Qe4 Rgh5 32.Qg4 Qd2 33.Rf2 Rg5 34.Qe4 Qd1+ 35.Rf1 Qg4 36.Qxg4 Rxg4
37.Rhf3 h3 38.g3 Rh5 39.R1f2 Rd4 40.Kf1 Rd1+ 41.Ke2 Rb1 42.g4 Rh4 43.Rg3 g6
44.fxg6+ Kxg6 45.Kd2 Rb2+ 46.Ke1 Rxf2 47.Kxf2 Kg5 48.Kf3 Rh8 49.Ke4 Rh7 50.Kd3 Kh4
51.Ke4 Kg5 52.Ke3 Rh4 53.Kf3 e4+ 54.Kxe4 f5+ 55.Kf3 fxg4+ 56.Ke3 Rh7 57.Kd4 Rf7
58.b4 axb4 59.c5 Rf4+  0-1

[Event "ch-CRO"]
[Site "Zagreb CRO"]
[Date "2004.11.22"]
[Round "7"]
[White "Fercec,N"]
[Black "Palac,M"]
[Result "0-1"]
[WhiteElo "2477"]
[BlackElo "2543"]

1.e4 c5 2.Nf3 d6 3.d4 cxd4 4.Nxd4 Nf6 5.Nc3 a6 6.f3 e5 7.Nb3 Be6 8.Be3 Be7
9.Qd2 O-O 10.O-O-O Nbd7 11.g4 Qc7 12.Kb1 b5 13.g5 Nh5 14.Qf2 Rab8 15.Nd5 Bxd5
16.Rxd5 Nb6 17.Rd1 Nc4 18.Bc1 a5 19.Rg1 a4 20.Nd2 d5 21.exd5 Bc5 22.Qh4 Bxg1
23.Qxh5 Nxd2+ 24.Bxd2 b4 25.Bd3 g6 26.Qg4 Bd4 27.h4 Rfc8 28.Qe4 Qd6 29.h5 b3
30.cxb3 axb3 31.a3 Rc2 32.Bxc2 bxc2+ 33.Qxc2 Bxb2 34.Qxb2 Rxb2+ 35.Kxb2 Qxd5
36.h6 f6 37.gxf6 Kf7 38.a4 Qd4+ 39.Kb3 Qd3+ 40.Kb2 Qe2 41.Kc2 Qc4+ 42.Kb2 Qxa4
43.Re1 Qb5+ 44.Kc2 Kxf6 45.Bc3 Kf5 46.Re4 Qd5 47.Bb2 Qc5+ 48.Kd3 Qb5+ 49.Kc2 Qc6+
50.Bc3 g5 51.Rxe5+ Kf4 52.Ra5 Qg6+ 53.Kd2 Kxf3 54.Re5 Qd6+ 55.Kc2 Qxh6 56.Rf5+ Kg2
57.Rf6 Qh4 58.Kd2 h5 59.Re6 Qf4+  0-1

[Event "RusFed Internet Blitz Cup"]
[Site "ChessAssistantClub INT"]
[Date "2004.11.25"]
[Round "12"]
[White "Panarin,M"]
[Black "Belov,Vl"]
[Result "1-0"]
[WhiteElo "2482"]
[BlackElo "2552"]

1.e4 c5 2.Nf3 d6 3.d4 cxd4 4.Nxd4 Nf6 5.Nc3 a6 6.f3 e6 7.Be3 b5 8.g4 h6 9.Qd2 Nbd7
10.O-O-O Ne5 11.a3 Bb7 12.h4 Nfd7 13.Rg1 Rc8 14.g5 hxg5 15.hxg5 Nb6 16.g6 Nbc4
17.gxf7+ Kxf7 18.Bxc4 Nxc4 19.Qg2 Qf6 20.Bg5 Qg6 21.Qf2 Qh5 22.f4 Qh2 23.Rg2 Qh3
24.f5 e5 25.Ne6 Nxb2 26.Rg3 Nxd1 27.Qb6 Qxg3 28.Qxb7+ Kg8 29.Qxc8 Kh7 30.Kxd1 Be7
31.Qc7 Qg4+ 32.Ne2 Re8 33.Qd7 Qh5 34.Bxe7 Qf7 35.Ng5+  1-0

[Event "17th Belgrade Trophy"]
[Site "Obrenovac SCG"]
[Date "2004.11.26"]
[Round "5"]
[White "Dudukovic,N"]
[Black "Cerovic,D"]
[Result "1-0"]
[WhiteElo "1968"]
[BlackElo "2157"]

1.e4 c5 2.Nf3 d6 3.d4 Nf6 4.Nc3 cxd4 5.Nxd4 a6 6.f3 e5 7.Nb3 Be7 8.Be3 Be6
9.Qd2 O-O 10.O-O-O Nbd7 11.g4 Qc7 12.Kb1 b5 13.g5 Nh5 14.Nd5 Bxd5 15.exd5 Nb6
16.Rg1 Rfb8 17.Qf2 Nc4 18.Bc1 a5 19.Nd2 Nxd2+ 20.Bxd2 b4 21.Rg4 Rc8 22.Bd3 g6
23.Qe2 Bf8 24.Be3 Bg7 25.Bb5 Nf4 26.Bxf4 exf4 27.Rxf4 a4 28.Rxb4 a3 29.Bc6 Rab8
30.Rxb8 Rxb8 31.b3 Qa5 32.Rd3 Qb4 33.Qe4 Qc5 34.Qe3 Qb4 35.f4 Qa5 36.c3 Rf8
37.Kc2 f6 38.h4 fxg5 39.hxg5 Qc7 40.Qe6+ Kh8 41.Rf3 Qa7 42.b4 Qg1 43.Qe2 Qa1
44.Kb3 Rf7 45.Qc2 Qh1 46.Rf2 Qe1 47.Bb5 Qe3 48.Qd2 Qe4 49.Qd3 Qe1 50.Rf1 Qh4
51.Qe3 h6 52.Qe8+ Rf8 53.Qxg6 Qh3 54.Qd3  1-0

[Event "Bundesliga 2004-5"]
[Site "Wattenscheid GER"]
[Date "2004.11.28"]
[Round "4"]
[White "Naiditsch,A"]
[Black "Naumann,A"]
[Result "1/2-1/2"]
[WhiteElo "2611"]
[BlackElo "2538"]

1.e4 c5 2.Nf3 d6 3.d4 cxd4 4.Nxd4 Nf6 5.Nc3 a6 6.Be3 Ng4 7.Bc1 Nf6 8.f3 e5
9.Nb3 Be6 10.Be3 Nbd7 11.Qd2 h5 12.a4 Nb6 13.a5 Nc4 14.Bxc4 Bxc4 15.Na4 Nd7
16.Nc1 Qh4+ 17.Bf2 Qf6 18.b3 Be6 19.O-O Be7 20.Ne2 Qg6 21.Nec3 O-O 22.Nd5 Bd8
23.Ne3 Rc8 24.Qb4 Rb8 25.Nc3 Rc8 26.Rfd1 Re8 27.Ncd5 Nc5 28.Kh1 Rc6 29.c4 Bg5
30.Qa3 h4 31.h3 Kh8 32.Ra2 Rd8 33.Rad2 f5 34.b4 Nd7 35.exf5 Bxf5 36.Nxf5 Qxf5
37.Ne3 Bxe3 38.Qxe3 Nf6 39.c5 d5 40.Bxh4 d4 41.Qd3 Qf4 42.Bxf6 gxf6 43.b5 axb5
44.Qxb5 Rc7 45.Qb6 Rdd7 46.a6 bxa6 47.c6 Rg7 48.Rb2 Qe3 49.Qxa6 Qc3 50.Rb8+ Kh7
51.Qe2 Qxc6 52.f4 Rc8 53.Rdb1 exf4 54.R1b6 Qc1+ 55.Kh2 f3 56.Qe4+ Kh8 57.Rxc8+ Qxc8
58.g3 Qc7 59.Qe8+  1/2-1/2

[Event "Bundesliga 2004-5"]
[Site "Wattenscheid GER"]
[Date "2004.11.28"]
[Round "4"]
[White "Wegener,O"]
[Black "Dinstuhl,V"]
[Result "1/2-1/2"]
[WhiteElo "2417"]
[BlackElo "2420"]

1.e4 c5 2.Nf3 d6 3.d4 cxd4 4.Nxd4 Nf6 5.Nc3 a6 6.f3 e5 7.Nb3 Be6 8.Be3 Be7
9.Qd2 O-O 10.O-O-O Qc7 11.g4 Rc8 12.g5 Nh5 13.Kb1 Nd7 14.Qf2 b5 15.Nd5 Bxd5
16.Rxd5 Rcb8 17.h4 Nb6 18.Rd3 b4 19.Na5 Na4 20.Rd5 Nb6 21.Rd1 g6 22.f4 exf4
23.Bxf4 Nxf4 24.Qxf4 Qc5 25.Nb3 Qe5 26.Qxe5 dxe5 27.Na5 Rc8 28.b3 Bc5 29.Nc4 Nxc4
30.Bxc4 Bd4 31.Rdf1 Ra7 32.Rf6 a5 33.Rhf1 Rf8 34.R1f3  1/2-1/2

[Event "XLIII WJun"]
[Site "Kochin IND"]
[Date "2004.11.29"]
[Round "12"]
[White "Smeets,J"]
[Black "Berkes,F"]
[Result "0-1"]
[WhiteElo "2515"]
[BlackElo "2630"]

1.e4 c5 2.Nf3 d6 3.d4 cxd4 4.Nxd4 Nf6 5.Nc3 a6 6.f3 e6 7.Be3 b5 8.g4 Nfd7
9.Qd2 Nb6 10.O-O-O N8d7 11.Ndxb5 axb5 12.Nxb5 Ba6 13.Nxd6+ Bxd6 14.Qxd6 Nc4
15.Bxc4 Bxc4 16.Qd4 Rxa2 17.Kb1 Ra8 18.Qxg7 Rf8 19.Rxd7 Qa5 20.Ra7 Rxa7 21.Bxa7 Qa2+
22.Kc1 Qxa7 23.Rd1 Ke7 24.b3 Bxb3 25.Qg5+ f6 26.Qg7+ Rf7 27.Qg8 Qa3+ 28.Kd2 Qa5+
29.Kc1 Qa3+ 30.Kd2 Ba4 31.Rb1 Qd6+ 32.Ke1 Qc7 33.Rb8 Qc3+ 34.Kf2 Qxc2+ 35.Kg3 Qc7+
36.Kg2 h6 37.h4 Qd7 38.Qh8 Qd2+ 39.Kh3 Qd3 40.Kg2 Qd2+ 41.Kh3 Bc6 42.Rc8 Qd7
43.Rb8 Bb5 44.Qxh6 Bf1+ 45.Kg3 Qc7+ 46.Qf4 e5  0-1

[Event "17th Belgrade Trophy"]
[Site "Obrenovac SCG"]
[Date "2004.11.29"]
[Round "8"]
[White "Borbas,P"]
[Black "Vilotijevic,M"]
[Result "0-1"]
[WhiteElo "2038"]
[BlackElo "1886"]

1.e4 c5 2.Nf3 d6 3.d4 cxd4 4.Nxd4 Nf6 5.Nc3 a6 6.f3 Bd7 7.Be3 e6 8.Qd2 Be7
9.g4 Nc6 10.O-O-O Qc7 11.h4 b5 12.a3 Rc8 13.Kb1 b4 14.axb4 Nxb4 15.Rh2 a5
16.Ndb5 Bxb5 17.Bxb5+ Nd7 18.Ba4 O-O 19.g5 Nc5 20.Rg2 Nxa4 21.Nxa4 Rb8 22.Qc3 Qb7
23.h5 Rfc8 24.Qb3 Qc6 25.Bc1 Na6 26.Qa3 Rb4 27.b3 Rcb8 28.Ka1 Nc5 29.Nxc5 dxc5
30.Bd2 R4b5 31.Rb1 a4 32.b4 cxb4 33.Qc1 b3 34.cxb3 Qxc1 35.Rxc1 Rxb3 36.Bf4 Ra8
37.Rgc2 f6 38.Rc8+ Rxc8 39.Rxc8+ Kf7 40.gxf6 Bxf6+ 41.e5 Bh4 42.Rc7+ Kf8
43.Bd2 h6 44.Ra7 a3 45.Ra4 Bf2 46.Bb4+ Ke8 47.Ra8+ Kd7 48.Bxa3 Bd4+ 49.Ka2 Rxf3
50.Bd6 Rf5 51.Rg8 Bxe5 52.Bxe5 Rxe5 53.Rxg7+ Kd6 54.Kb3 Rxh5 55.Kc3 Rd5 56.Rh7 h5
57.Kc4 Rg5 58.Kd3 Ke5 59.Rh6 Kf5 60.Ke3 e5 61.Rh8 Kg4 62.Kf2 h4 63.Kg2 e4
64.Rh7 e3 65.Rh8 Kf4+ 66.Kf1 Rg4 67.Rh7  0-1

[Event "Open"]
[Site "Porec HUN"]
[Date "2004.12.03"]
[Round "3"]
[White "Zufic,M"]
[Black "Franic,M"]
[Result "1-0"]
[WhiteElo "2370"]
[BlackElo "2414"]

1.e4 c5 2.Nf3 d6 3.d4 cxd4 4.Nxd4 Nf6 5.Nc3 a6 6.f3 Qb6 7.Nb3 e6 8.Qe2 Qc7
9.g4 b5 10.Be3 Nc6 11.g5 Nd7 12.O-O-O Nce5 13.f4 Nc4 14.Bd4 Bb7 15.f5 e5
16.Bf2 Be7 17.h4 Rc8 18.Nd5 Bxd5 19.Rxd5 Ndb6 20.Bxb6 Qxb6 21.Rh3 Rc6 22.Nd2 h6
23.Nxc4 bxc4 24.g6 fxg6 25.fxg6 O-O 26.Rf3 Rb8 27.c3 Bxh4 28.Bh3 Qg1+ 29.Rd1 Qxg6
30.Bd7 Rc7 31.Bf5 Qg5+ 32.Kb1 Qe7 33.Qf1 Bg5 34.Ka1 Kh8 35.Qh3 Rf8 36.Qh5 Rf6
37.Rg3 Bf4 38.Rg6 Qf8 39.Be6 Bg5 40.Bf5 Be3 41.Re1 Bf4 42.Rd1 Rcf7 43.Rdg1 Be3
44.Rxf6 Rxf6 45.Rg6 Bg5 46.Rxg5 g6 47.Rxg6  1-0

[Event "ch-GRE w"]
[Site "Athens GRE"]
[Date "2004.12.05"]
[Round "2"]
[White "Stiri,A"]
[Black "Fakhiridou,E"]
[Result "1/2-1/2"]
[WhiteElo "2201"]
[BlackElo "2258"]

1.e4 c5 2.Nf3 d6 3.d4 cxd4 4.Nxd4 Nf6 5.Nc3 a6 6.f3 e5 7.Nb3 Be6 8.Be3 Nbd7
9.Qd2 b5 10.g4 Nb6 11.g5 Nfd7 12.Nd5 Bxd5 13.exd5 Qc7 14.O-O-O Rc8 15.Kb1 Be7
16.h4 Bd8 17.f4 Nc4 18.Bxc4 bxc4 19.Nc1 c3 20.Qe2 O-O 21.b3 a5 22.f5 a4 23.Rh2 Qb7
24.Qg4 axb3 25.cxb3 Bb6 26.Bxb6 Nxb6 27.g6 c2+ 28.Rxc2 Rxc2 29.Kxc2 Nxd5
30.gxh7+ Kh8 31.Qg3 Rc8+ 32.Kb2 Qc7 33.Rg1 f6 34.Ne2 Qc2+ 35.Ka1 Rc7 36.Qg6 Qxe2
37.Qe8+ Kxh7 38.Qg6+ Kg8 39.Qe8+ Kh7 40.Qg6+ Kg8  1/2-1/2

[Event "Open"]
[Site "Porec HUN"]
[Date "2004.12.05"]
[Round "7"]
[White "Ikica,A"]
[Black "Franic,M"]
[Result "1/2-1/2"]
[WhiteElo "2100"]
[BlackElo "2414"]

1.e4 c5 2.Nf3 d6 3.d4 cxd4 4.Nxd4 Nf6 5.Nc3 a6 6.f3 Qb6 7.Nb3 e6 8.Qd3 Qc7
9.Be3 b5 10.g4 Nc6 11.Qd2 Ne5 12.Qf2 Rb8 13.g5 Nfd7 14.O-O-O b4 15.Nb1 a5
16.N1d2 a4 17.Nd4 Nc5 18.Nb5 Ncd3+ 19.Kb1 Nxf2 20.Nxc7+ Kd7 21.Bxf2 Kxc7
22.f4 Nd7 23.h4 Nc5 24.Bc4 Bb7 25.Rhe1 h6 26.f5 hxg5 27.hxg5 exf5 28.exf5 Rh5
29.Bxf7 Rxg5 30.Bg6 Rg2 31.Bd4 Nd7 32.Nc4 Bc6 33.Rg1 Rxg1 34.Rxg1 Rb5 35.Ne3 Ne5
36.Bh5 Be4 37.Be2 Rb7 38.Kc1 Kc6 39.Bxe5 dxe5 40.Rg6+ Kc5 41.Rg4 Bc6 42.Bc4 e4
43.Be6 Rc7 44.Kd2 Bd6 45.Nc4 Bh2 46.Ke3 Ba8 47.a3 bxa3 48.Nxa3 Be5 49.c3 Bf6
50.Nc4 Bd5 51.Nd2 Rb7 52.Nxe4+ Bxe4 53.Rxe4 Rxb2 54.Rxa4  1/2-1/2

[Event "ch-IND"]
[Site "Visakhapatnam IND"]
[Date "2004.12.06"]
[Round "3"]
[White "Konguvel,P"]
[Black "Gupta,Ab"]
[Result "1-0"]
[WhiteElo "2403"]
[BlackElo "2412"]

1.e4 c5 2.Nf3 d6 3.d4 cxd4 4.Nxd4 Nf6 5.Nc3 a6 6.f3 e6 7.Be3 b5 8.g4 Nfd7
9.Qd2 Nb6 10.O-O-O Bb7 11.Nb3 N8d7 12.Na5 Qc7 13.Bxb5 axb5 14.Nxb5 Qb8 15.Bxb6 Nxb6
16.Nxd6+ Bxd6 17.Qxd6 Qxd6 18.Rxd6 Rxa5 19.Rxb6 Ra7 20.Rd1 Ke7 21.a4 Rd8
22.b4 Rxd1+ 23.Kxd1 f5 24.gxf5 exf5 25.a5 fxe4 26.fxe4 Bxe4 27.c4 Bd3 28.c5 Kd8
29.Kd2 Bf1 30.Kc3 Kc7 31.Rd6 Bb5 32.Kd4 Kb8 33.c6 Ra6 34.Kc5 Ba4 35.c7+  1-0

[Event "FSGM December"]
[Site "Budapest HUN"]
[Date "2004.12.07"]
[Round "4"]
[White "Szabo,K"]
[Black "Berczes,D"]
[Result "1/2-1/2"]
[WhiteElo "2394"]
[BlackElo "2321"]

1.e4 c5 2.Nf3 d6 3.d4 cxd4 4.Nxd4 Nf6 5.Nc3 a6 6.f3 Qb6 7.Nb3 e6 8.g4 Be7
9.Qe2 Qc7 10.Be3 b5 11.O-O-O b4 12.Na4 Nbd7 13.Qc4 Qxc4 14.Bxc4 d5 15.exd5 Ne5
16.Be2 Nxd5 17.Rxd5 exd5 18.Nb6 Rb8 19.Nxd5 Bd6 20.Rd1 O-O 21.Nf6+ gxf6 22.Rxd6 Be6
23.f4 Bxg4 24.Bxa6 Nf3 25.Rxf6 Rfe8 26.Bf2 Re6 27.Rxe6 fxe6 28.Nd4 Rd8 29.Nxf3 Bxf3
30.Bd3 Ra8 31.Kb1 h6 32.b3 Kf7 33.Kb2 Rg8 34.Bg3 Kf6 35.a3 bxa3+ 36.Kxa3 Rg4
37.Bf1 h5 38.Bh3 Rg8 39.c4 Kf7 40.f5 exf5 41.Bxf5 Kf6 42.Bh3 Re8 43.Bd7 Re3
44.Ba4 Ke6 45.c5 Kd5 46.c6 Bg4 47.c7 Bc8 48.Bb5 Re4 49.Bf1 Kc5 50.Bg2 Rg4
51.Bf3 Rg5 52.b4+ Kb6 53.Kb3 Rf5 54.Be4 Rf6 55.Kc4 h4 56.Be5 Rf1 57.Kd4 Re1
58.Bf6 Rxe4+ 59.Kxe4 h3  1/2-1/2

[Event "FSGM December"]
[Site "Budapest HUN"]
[Date "2004.12.09"]
[Round "6"]
[White "Szabo,K"]
[Black "Horvath,An"]
[Result "1-0"]
[WhiteElo "2394"]
[BlackElo "2339"]

1.e4 c5 2.Nf3 d6 3.d4 cxd4 4.Nxd4 Nf6 5.Nc3 a6 6.f3 Nc6 7.Be3 e6 8.Qd2 Be7
9.g4 O-O 10.O-O-O Nxd4 11.Bxd4 b5 12.g5 Nd7 13.h4 Qc7 14.Kb1 b4 15.Na4 Bb7
16.Qxb4 Bc6 17.Nc3 Rfb8 18.Qc4 Ne5 19.Qe2 Bb5 20.Qf2 Bxf1 21.Rhxf1 Nc4 22.b3 a5
23.a4 Bf8 24.f4 Qc6 25.Kc1 Na3 26.h5 Rb7 27.g6 h6 28.e5 dxe5 29.fxe5 fxg6
30.hxg6 Be7 31.Rd3 Rf8 32.Rf3 Rbb8 33.Rf7 Bb4 34.Qf3 Qa6 35.Ne4 Rbc8 36.Bc5 Bxc5
37.Nxc5  1-0

[Event "Bundesliga 2004-5"]
[Site "Porz GER"]
[Date "2004.12.11"]
[Round "5"]
[White "Pelletier,Y"]
[Black "Kempinski,R"]
[Result "1-0"]
[WhiteElo "2589"]
[BlackElo "2608"]

1.e4 c5 2.Nf3 d6 3.d4 cxd4 4.Nxd4 Nf6 5.Nc3 a6 6.f3 Nbd7 7.g4 h6 8.Be3 d5
9.Nxd5 Nxd5 10.exd5 Qa5+ 11.Qd2 Qxd5 12.Bg2 e6 13.f4 Qc4 14.O-O-O Bb4 15.c3 O-O
16.h4 e5 17.Nc2 Bc5 18.Bd5 Bxe3 19.Nxe3 Qc5 20.f5 Nb6 21.g5 h5 22.Qe2 Nxd5
23.Rxd5 Qc6 24.Rhd1 Qa4 25.c4 Qxa2 26.Rxe5 Bd7 27.Rxd7 Qa1+ 28.Kd2 Qxb2+
29.Nc2 Rad8 30.Rxd8 Rxd8+ 31.Rd5 Qb6 32.g6 Rxd5+ 33.cxd5 fxg6 34.Qe6+ Qxe6
35.fxe6 Kf8 36.d6 g5  1-0

[Event "Open"]
[Site "Ashdod ISR"]
[Date "2004.12.15"]
[Round "9"]
[White "Postny,E"]
[Black "Lerner,K"]
[Result "1/2-1/2"]
[WhiteElo "2563"]
[BlackElo "2504"]

1.e4 c5 2.Nf3 d6 3.d4 cxd4 4.Nxd4 Nf6 5.Nc3 a6 6.f3 e6 7.Be3 b5 8.g4 b4 9.Nce2 h6
10.Qd2 e5 11.Nb3 d5 12.exd5 Qxd5 13.O-O-O Bb7 14.Qxd5 Bxd5 15.Bg2 Nbd7 16.Rhg1 Rc8
17.Ng3 g6 18.h4 Ba8 19.Rd2 Nd5 20.Bf2 Nf4 21.Bf1 Bxf3 22.Bxa6 Rb8 23.h5 Be7
24.hxg6 fxg6 25.Re1 Ng2 26.Rxd7 Kxd7 27.Rxe5 Bd6 28.Nc5+ Kc6 29.Nd3 Nf4 30.Nxf4 Bxe5
31.Nxg6 Rhe8 32.Nxe5+ Rxe5 33.Nf5 Rd8 34.Nd4+ Rxd4 35.Bxd4 Rd5 36.c3 bxc3
37.bxc3 Bxg4 38.Kd2 Ra5 39.Bc4 Bf5 40.Ke3 Bb1 41.Kf4 Bxa2 42.Be2 Be6 43.Kg3 Ra2
44.Bh5 Ra1 45.Be3 Rh1 46.Bf3+ Bd5 47.Bxh1  1/2-1/2

[Event "Master Open"]
[Site "Singapore SIN"]
[Date "2004.12.15"]
[Round "7"]
[White "El Arousy,A"]
[Black "Ly Hong Nguyen"]
[Result "1-0"]
[WhiteElo "2388"]
[BlackElo "2267"]

1.e4 c5 2.Nf3 d6 3.d4 cxd4 4.Nxd4 Nf6 5.Nc3 a6 6.f3 e5 7.Nb3 Be7 8.Be3 Be6
9.g4 O-O 10.g5 Nh5 11.Qd2 Nd7 12.O-O-O b5 13.Rg1 Nb6 14.Nd5 Nxd5 15.exd5 Bd7
16.f4 exf4 17.Bxf4 a5 18.Be3 g6 19.Nd4 b4 20.Nc6 Bxc6 21.dxc6 Qc7 22.Bg2 Ng7
23.h4 Rfd8 24.Bd5 Nf5 25.Rdf1 Bf8 26.Rxf5 gxf5 27.g6 hxg6 28.Rxg6+ Kh8 29.Rf6 Bg7
30.Rxf7 Qxf7 31.Bxf7 Rac8 32.Bd4  1-0

[Event "XVII Torre Mem KO"]
[Site "Yucatan MEX"]
[Date "2004.12.17"]
[Round "1.1"]
[White "Quezada,Y"]
[Black "Abreu,A"]
[Result "1/2-1/2"]
[WhiteElo "2513"]
[BlackElo "2436"]

1.e4 c5 2.Nf3 d6 3.d4 cxd4 4.Nxd4 Nf6 5.Nc3 a6 6.f3 e5 7.Nb3 Be6 8.Be3 Be7
9.Qd2 O-O 10.O-O-O a5 11.Qe1 Qc8 12.a4 Nc6 13.g4 Nb4 14.g5 Ne8 15.f4 f5 16.gxf6 Nxf6
17.f5 Bxb3 18.cxb3 d5 19.exd5 Qxf5 20.Qf2 Qxf2 21.Bxf2 Nfxd5 22.Nxd5 Nxd5
23.Rxd5 Bg5+ 24.Kb1 Rxf2 25.Bc4 Kh8 26.Rxe5 Rxb2+ 27.Kxb2 Bf6 28.Re1 Re8
29.Kc2 Bxe5 30.h3 g5 31.Bb5 Re7 32.Rd1 Kg7 33.Rd7 Rxd7 34.Bxd7 Kf6 35.Kd3  1/2-1/2

[Event "Revolution Mem"]
[Site "Bucharest ROM"]
[Date "2004.12.18"]
[Round "4"]
[White "Lupulescu,C"]
[Black "Szabo,G ROM"]
[Result "1/2-1/2"]
[WhiteElo "2560"]
[BlackElo "2433"]

1.e4 c5 2.Nf3 d6 3.d4 cxd4 4.Nxd4 Nf6 5.Nc3 a6 6.f3 e6 7.Be3 b5 8.g4 Nfd7
9.Qd2 Nb6 10.a4 Nc4 11.Bxc4 bxc4 12.Qe2 Qc7 13.a5 Bd7 14.O-O Be7 15.Na4 Ra7
16.Nb6 c3 17.b4 O-O 18.Qd3 Nc6 19.Nxc6 Bxc6 20.Qxc3 d5 21.exd5 Bxd5 22.Qxc7 Rxc7
23.c4 Bb7 24.Bf4 Rc6 25.c5 f5 26.Nd7 Rd8 27.Rad1 Rcc8 28.g5 Bc6 29.Ne5 Bd5
30.Kg2 Rb8 31.Rd4 Rb7 32.Kg3 Kf8 33.c6 Ra7 34.c7 Rxc7 35.Ng6+ hxg6 36.Bxc7 Rc8
37.Bf4 Rc3 38.Rxd5 exd5 39.Rb1  1/2-1/2

[Event "Open"]
[Site "Pamplona ESP"]
[Date "2004.12.24"]
[Round "4"]
[White "Garbisu de Goni,U"]
[Black "Fidalgo Fernandez,J"]
[Result "1-0"]
[WhiteElo "2460"]
[BlackElo "2140"]

1.e4 c5 2.Nf3 d6 3.d4 cxd4 4.Nxd4 Nf6 5.Nc3 a6 6.f3 e6 7.Be3 b5 8.Qd2 Bb7
9.g4 Nfd7 10.O-O-O Nb6 11.Nb3 N8d7 12.Na5 Qc7 13.Nxb7 Qxb7 14.Qd4 Rc8 15.g5 Nc4
16.Bxc4 Rxc4 17.Qd2 Be7 18.Ne2 O-O 19.Kb1 Rfc8 20.h4 Rxc2 21.Qxc2 Rxc2 22.Kxc2 Ne5
23.Ng3 Nxf3 24.Kb1 f6 25.gxf6 Bxf6 26.Rxd6 Bxh4 27.Rhd1 Ne5 28.Bf4 Nc4 29.Rd7 Qb6
30.Nh5 Qf2 31.Bc1 g6 32.Nf4 Qf3 33.e5 Qe4+ 34.Ka1 Qxe5 35.Ra7 Bf6 36.Ra8+ Kf7
37.Rd7+ Be7 38.Raa7 Qc5 39.Nd3 Qg1 40.Rxe7+ Kf8 41.Rxh7 Kg8 42.Rhb7  1-0

[Event "31st Eastern Open"]
[Site "Washington DC USA"]
[Date "2004.12.26"]
[Round "2"]
[White "Fernandez,D"]
[Black "Gelman,G"]
[Result "1-0"]
[WhiteElo "2391"]
[BlackElo "2221"]

1.e4 c5 2.Nf3 d6 3.d4 cxd4 4.Nxd4 Nf6 5.Nc3 a6 6.f3 e5 7.Nb3 Be6 8.Be3 Be7
9.Qd2 O-O 10.O-O-O Ne8 11.Nc5 Qc7 12.Nxe6 fxe6 13.g3 Rxf3 14.Bh3 Rf6 15.Rhf1 Nd7
16.Rxf6 Nexf6 17.Bxe6+ Kh8 18.g4 Nf8 19.Bf5 Qc4 20.g5 Nh5 21.Qd5 Qxd5 22.Nxd5 Bd8
23.Nb6 Rb8 24.Nc4 g6 25.Bg4 Nf4 26.Nxd6 Kg7 27.h4 Bc7 28.Ba7 Ra8 29.Bc5 b6
30.Bb4 Rd8 31.Bc3 Bxd6 32.Rxd6 Rxd6 33.Bxe5+ Kf7 34.Bxd6 N8e6 35.Bxe6+ Nxe6
36.c3 Ke8 37.Kd2 Kd7 38.Be5 b5 39.Kd3 Kc6 40.b4 Kb6 41.c4 Kc6 42.Kc3 Kb6
43.Kb3 Nd8 44.a4 Nc6 45.Bf6 Nb8 46.e5 Kc6 47.e6 bxa4+ 48.Kxa4 Kd6 49.Be5+  1-0

[Event "13th Donau Open"]
[Site "Aschach AUT"]
[Date "2004.12.27"]
[Round "2"]
[White "Sandhoefner,F"]
[Black "Aschauer,G"]
[Result "1-0"]
[WhiteElo "2251"]
[BlackElo "2050"]

1.e4 c5 2.Nf3 d6 3.d4 cxd4 4.Nxd4 Nf6 5.Nc3 a6 6.f3 e6 7.Be3 b5 8.Qd2 Nbd7
9.g4 Nb6 10.O-O-O Bb7 11.h4 Nfd7 12.a3 Ne5 13.Qe1 Nec4 14.g5 Rc8 15.Bh3 Nxe3
16.Qxe3 Nc4 17.Qe1 g6 18.f4 Bg7 19.f5 Bxd4 20.Rxd4 Qb6 21.Rxc4 Rxc4 22.fxe6 Rc7
23.Rf1 fxe6 24.Bxe6 Re7 25.Nd5 Bxd5 26.exd5 Kd8 27.Qc3 Rxe6 28.Qxh8+ Re8
29.Qxh7 Qe3+ 30.Kb1 Qe4 31.Qb7  1-0

[Event "Asian Juniors Girls"]
[Site "Bikaner IND"]
[Date "2004.12.27"]
[Round "7"]
[White "Soumya,S"]
[Black "Saheli,N"]
[Result "1/2-1/2"]
[WhiteElo "2137"]
[BlackElo "2130"]

1.e4 c5 2.Nf3 d6 3.d4 cxd4 4.Nxd4 Nf6 5.Nc3 a6 6.f3 e5 7.Nb3 Be7 8.Be3 Be6
9.Qd2 Nbd7 10.g4 h6 11.O-O-O b5 12.h4 Nb6 13.Na5 Qc7 14.a3 Nc4 15.Nxc4 bxc4
16.Nd5 Nxd5 17.exd5 Bd7 18.Qc3 Rc8 19.Be2 f5 20.f4 fxg4 21.fxe5 dxe5 22.h5 O-O
23.Rhg1 Bf6 24.d6 Qc6 25.Bxg4 Bxg4 26.Rxg4 e4 27.Bd4 Qxd6 28.Bxf6 Qxf6 29.Qxf6 Rxf6
30.Rdg1 Rc7 31.Rxe4 Rf5 32.Re6 Rxh5 33.Rxa6 Kh7 34.a4 g5 35.a5 Rg7 36.Rb6 g4
37.a6 Ra5 38.Kd2 h5 39.Ke3 g3 40.Rb7 h4 41.Rh1 Rxa6 42.Rxh4+ Kg8 43.Rxg7+ Kxg7
44.Rg4+ Kf6 45.Rxc4 Ra1 46.Kf3 Rg1 47.b4 Ke5 48.Re4+ Kd6 49.Re2 Kd5 50.Rg2 Rb1
51.Rxg3 Rxb4 52.Rg5+ Kc4 53.Ke3 Kc3 54.Rc5+ Rc4 55.Rxc4+ Kxc4 56.Kd2 Kd4  1/2-1/2

[Event "Czech Christmas"]
[Site "Litomysl CZE"]
[Date "2004.12.27"]
[Round "2"]
[White "Zawadzka,J"]
[Black "Kovalev,An"]
[Result "1-0"]
[WhiteElo "2329"]
[BlackElo "2575"]

1.e4 c5 2.Nf3 d6 3.d4 Nf6 4.Nc3 cxd4 5.Nxd4 a6 6.f3 Qb6 7.Nb3 e6 8.Qe2 Nc6
9.Be3 Qc7 10.g4 b5 11.O-O-O Nd7 12.f4 Nb6 13.Qf2 Rb8 14.Kb1 Na4 15.Ne2 Be7
16.g5 Bb7 17.Bg2 Rc8 18.Ned4 Nxd4 19.Bxd4 O-O 20.Rhe1 Rfe8 21.h4 e5 22.Be3 exf4
23.Bxf4 Bf8 24.h5 Nb6 25.g6 Nc4 26.Bh3 Rcd8 27.Bf5 Kh8 28.Qh2 Ne5 29.Nd4 Bc8
30.gxf7 Nxf7 31.Qg3 Ne5 32.Rg1 Qf7 33.Bg5 Be7 34.Bxe7 Rxe7 35.Bxc8 Rxc8 36.Nf5 Nc4
37.h6 Re6 38.hxg7+ Kg8 39.Qg5 Qc7 40.Rg2 Nxb2 41.Nh6+ Rxh6 42.Qxh6 Qc4 43.Qxh7+  1-0

[Event "Russian Blitz Internet Cup Superfinal"]
[Site "chessassistantclub.com INT"]
[Date "2004.12.28"]
[Round "3"]
[White "Grischuk,A"]
[Black "Panarin,M"]
[Result "1-0"]
[WhiteElo "2704"]
[BlackElo "2482"]

1.e4 c5 2.Nf3 d6 3.d4 cxd4 4.Nxd4 Nf6 5.Nc3 a6 6.f3 e5 7.Nb3 Be6 8.Be3 Be7
9.Qd2 Nbd7 10.g4 h6 11.O-O-O b5 12.Kb1 Nb6 13.Qf2 Nfd7 14.h4 Qc7 15.Nd5 Bxd5
16.exd5 Nc4 17.Bc1 Qb6 18.Qe1 a5 19.a3 a4 20.Na1 O-O 21.c3 Qb7 22.Nc2 f5
23.gxf5 Nf6 24.Nb4 Qd7 25.Bh3 Kh8 26.Rg1 Rf7 27.Rg6 Raf8 28.Ka2 Bd8 29.Qg3 Bb6
30.Rh1 Be3 31.Bxe3 Nxe3 32.Rg1 Nh5 33.Qf2 Nxf5 34.Qb6 Rf6 35.Rxf6 Rxf6 36.Qc6 Qf7
37.Qxb5 Nf4 38.Bxf5 Rxf5 39.Qxa4 Nxd5 40.Qa8+ Kh7 41.Qxd5  1-0

[Event "13th Donau Open"]
[Site "Aschach AUT"]
[Date "2004.12.29"]
[Round "5"]
[White "Sandhoefner,F"]
[Black "Stanec,N"]
[Result "1/2-1/2"]
[WhiteElo "2251"]
[BlackElo "2560"]

1.e4 c5 2.Nf3 d6 3.d4 cxd4 4.Nxd4 Nf6 5.Nc3 a6 6.f3 e5 7.Nb3 Be6 8.Be3 Nbd7
9.Qd2 Be7 10.g4 Rc8 11.O-O-O Nb6 12.Kb1 Qc7 13.g5 Nfd7 14.h4 O-O 15.h5 f5
16.Bh3 Nc4 17.Qd3 Nxe3 18.Qxe3 Nb6 19.Qd3 Qd7 20.Rhg1 g6 21.hxg6 hxg6 22.Rh1 Rf7
23.Nd4 Rxc3 24.Qxc3 exd4 25.Rxd4 Rh7 26.Rdd1 Qc6 27.Qd2 Nc4 28.Qd4 Qb5 29.exf5 gxf5
30.f4 Qc6 31.Rhe1 d5 32.Bg2 Nb6  1/2-1/2

[Event "XXX Open"]
[Site "Seville ESP"]
[Date "2005.01.08"]
[Round "2"]
[White "Parligras,M"]
[Black "Pereira Figueroa,M"]
[Result "1-0"]
[WhiteElo "2559"]
[BlackElo "2097"]

1.e4 c5 2.Nf3 d6 3.d4 cxd4 4.Nxd4 Nf6 5.Nc3 a6 6.f3 e5 7.Nb3 Be6 8.Be3 Nbd7
9.g4 Nb6 10.g5 Nfd7 11.Qd2 Nc4 12.Bxc4 Bxc4 13.O-O-O Rc8 14.h4 a5 15.Kb1 b5
16.Nd5 b4 17.h5 a4 18.Nc1 Bxd5 19.Qxd5 Qc7 20.Rh2 Be7 21.Nd3 Rb8 22.f4 exf4
23.Bxf4 O-O 24.h6 Rfd8 25.hxg7 Ne5 26.Rxh7 Rdc8 27.Rh8+ Kxg7 28.Bxe5+ dxe5
29.Rh7+  1-0

[Event "Bundesliga 2004-5"]
[Site "Erfurt GER"]
[Date "2005.01.29"]
[Round "8"]
[White "Heinatz,T"]
[Black "Voekler,B"]
[Result "0-1"]
[WhiteElo "2281"]
[BlackElo "2376"]

1.e4 c5 2.Nf3 d6 3.d4 cxd4 4.Nxd4 Nf6 5.Nc3 a6 6.f3 e5 7.Nb3 Be6 8.Be3 Be7
9.Qd2 O-O 10.O-O-O Nbd7 11.g4 Qc7 12.g5 Nh5 13.Nd5 Bxd5 14.exd5 Rfe8 15.Kb1 g6
16.Rg1 Bf8 17.h4 Bg7 18.Bh3 a5 19.a4 Nb6 20.Rg4 Nf4 21.Bxb6 Qxb6 22.Bf1 Rec8
23.Bb5 Rc7 24.c4 Qa7 25.Rgg1 b6 26.Bc6 Rac8 27.Nd4 exd4 28.Qxf4 Rxc6 29.dxc6 Rxc6
30.Rge1 Qd7 31.b3 Rc5 32.Re4 Rf5 33.Qg3 Qc6 34.Rd3 Be5 35.Qe1 Kg7 36.Qe2 h6
37.Qg2 d5 38.gxh6+ Kxh6 39.Rexd4 Bxd4 40.Rxd4 dxc4 41.Qd2+ Kh7 42.Rxc4 Qxf3
43.Qb2 Qg3 44.Rc2 Qe5 45.Rc6 Qe4+  0-1

[Event "Oceania zt"]
[Site "Auckland NZL"]
[Date "2005.01.31"]
[Round "2"]
[White "Kulashko,A"]
[Black "Smith,Ro"]
[Result "1/2-1/2"]
[WhiteElo "2377"]
[BlackElo "2233"]

1.d4 c5 2.e4 d6 3.Nf3 cxd4 4.Nxd4 Nf6 5.Nc3 a6 6.f3 e5 7.Nb3 Be6 8.Be3 Be7
9.Nd5 Bxd5 10.exd5 Nbd7 11.Qd2 a5 12.a4 O-O 13.Bb5 Qc7 14.Rc1 Nc5 15.O-O Rfc8
16.Rfd1 Nfd7 17.Na1 Qd8 18.b3 f5 19.Bxd7 Qxd7 20.c4 Bf6 21.Bxc5 Rxc5 22.Re1 Rcc8
23.Qd3 b6 24.Nc2 Re8 25.Re2 Re7 26.Rce1 Rae8 27.Na3 Qc8 28.Nb5 Qc5+ 29.Qe3 Rd8
30.Qf2 Kf7 31.Kf1 Qxf2+ 32.Kxf2 Red7 33.Ke3 h5 34.Kd3 g5 35.h3 Rg8 36.g4 Kg6
37.Nc3 hxg4 38.hxg4 Rh8 39.Nd1 Rh3 40.gxf5+ Kxf5 41.Ne3+ Kg6 42.Rf1 Rf7 43.c5 bxc5
44.Nc4 Bd8 45.Nxd6 Rfxf3+ 46.Rxf3 Rxf3+ 47.Kc4 Bf6 48.Ne4 Kf5 49.Nxc5 Be7
50.Ne4 Rf4 51.Kd3 Bb4 52.Ng3+ Kg4 53.Ne4 Kf5 54.Ng3+ Kg4 55.Ne4  1/2-1/2